| 000 | 00469nam a22001817a 4500 | ||
|---|---|---|---|
| 003 | NUST - PNEC | ||
| 005 | 20170116180857.0 | ||
| 008 | 150831b xxu||||| |||| 00| 0 eng d | ||
| 020 | _a- | ||
| 040 | _cLIBRARY | ||
| 082 | _a620.1 TIM | ||
| 100 |
_96110 _aTimoshenko, S. |
||
| 245 |
_aEngineering mechanics _cTimoshenko, S. |
||
| 250 | _a4th ed. | ||
| 260 |
_aTokoyo: _cc1956. |
||
| 650 |
_96113 _aEngineering mechanics _bEngineering mechanics _xME |
||
| 942 |
_2ddc _cBK |
||
| 999 |
_c64861 _d64861 |
||